Normal view
MARC view
- FINCH, VEROR C,TREWARTHA, GLENN T
Entry Personal Name
001 - CONTROL NUMBER
- control field: 57615
003 - CONTROL NUMBER IDENTIFIER
- control field: NUST
005 - DATE AND TIME OF LATEST TRANSACTION
- control field: 20210628201947.0
008 - FIXED-LENGTH DATA ELEMENTS
- fixed length control field: 210628|| aca||aabn | a|a d
040 ## - CATALOGING SOURCE
- Original cataloging agency: NUST
- Transcribing agency: NUST
100 ## - HEADING--PERSONAL NAME
- Personal name: FINCH, VEROR C,TREWARTHA, GLENN T
670 ## - SOURCE DATA FOUND
- Source citation: Work cat.: (NUST): FINCH, VEROR C,TREWARTHA, GLENN T, ELEMENTS OF GEOGRAPHY PHYSICAL AND CULTURAL, 1942
